000 00249nam a22001097a 4500
003 SGT
022 _a2394-546X
245 _aINDIAN JOURNAL OF MICROBIOLOGY RESEARCH
260 _aINDIA
_bINNOVATIVE PUB.
_c2016
310 _aQUARTERLY
942 _2ddc
_cLJ
999 _c8806
_d8806